| 000 | 00502ntm a2200169 i 4500 | ||
|---|---|---|---|
| 001 | 182613 | ||
| 003 | ES-MaACL | ||
| 005 | 20231026144928.0 | ||
| 008 | 131003q2001 sp |||| |dspa d | ||
| 245 | 0 | 0 |
_aTomás Barros _b: tal vez una sede de luz. |
| 260 |
_a[S.l. : _bs.n., _cca. 2001] |
||
| 300 |
_a198 h. ; _c30 cm. |
||
| 600 | 1 | 4 |
_aBarros, Tomás ( _d1922-1986) _926051 |
| 852 |
_aES-MaACL _jN-5858 _9189529 _bR.148904 _cDEPO1 _dOlim: N-5858 |
||
| 942 |
_2udc _cMONOGRAFIA |
||
| 999 |
_c182613 _d182613 |
||